000
00303nam a22001337a 4500
008
181107b xxu||||| |||| 00| 0 eng d
020
_a
0024199109
041
_a
eng
080
_a
101
100
_a
24
101
_a
FIL
245
_a
Philosophy Theory And Practice
_c
Thiroux.J.P
942
_2
udc
_c
BK
999
_c
52202
_d
52202